صحيح مسلم بشرح النووي ;; Saḥiḥ Muslim bi sharḥ al-Nawawī./ (Record no. 77865)
[ view plain ]
| 000 -LEADER | |
|---|---|
| fixed length control field | 01549cam a2200253K 4500 |
| 001 - CONTROL NUMBER | |
| control field | 77865 |
| 003 - CONTROL NUMBER IDENTIFIER | |
| rucl marc code | BD-RjUL |
| 005 - DATE AND TIME OF LATEST TRANSACTION | |
| control field | 20220111155214.0 |
| 008 - FIXED-LENGTH DATA ELEMENTS--GENERAL INFORMATION | |
| fixed length control field | 210201s2001 xx 000 0 ara d |
| 035 ## - SYSTEM CONTROL NUMBER | |
| System control number | (BD-RjUL)78091 |
| 040 ## - CATALOGING SOURCE | |
| Original cataloging agency | CLU |
| Language of cataloging | eng |
| Transcribing agency | CLU |
| Modifying agency | OCLCQ |
| -- | OCLCG |
| 041 ## - LANGUAGE CODE | |
| Language code of text/sound track or separate title | ara |
| 082 ## - DEWEY DECIMAL CLASSIFICATION NUMBER | |
| Edition number | 23 |
| Classification number | 297.12542 |
| Author mark and year | NAS 2001 |
| 100 1# - MAIN ENTRY--PERSONAL NAME | |
| Personal name | النووي, ابي زكريا يحيى بن شرف Al-Nawawi, Abi Zakaria Yahya Bin Sharaf |
| 9 (RLIN) | 244265 |
| 245 10 - TITLE STATEMENT | |
| Title | صحيح مسلم بشرح النووي ;; Saḥiḥ Muslim bi sharḥ al-Nawawī./ |
| Statement of responsibility, etc. | ابي زكريا يحيى بن شرف النووي ;; Abi Zakaria Yahya bin Sharaf Al-Nawawi |
| 260 ## - PUBLICATION, DISTRIBUTION, ETC. (IMPRINT) | |
| Place of publication, distribution, etc. | القاهرة : |
| Date of publication, distribution, etc. | دار الدعوة الإسلامية , |
| Name of publisher, distributor, etc. | 2001 |
| 300 ## - PHYSICAL DESCRIPTION | |
| Pagination | 18 volumes in 9 |
| Size | 24 cm |
| 505 ## - FORMATTED CONTENTS NOTE | |
| Formatted contents note | Vol.1.Kitab al-Iman.--v.2.kitab al-aiman,taharat, haeij.--v.3.kitab al-maszid,salatu al-musafirin wa kasr.--v.4.takmilat kitab al-janaij.,jakat,saum.--v.5.kitab al-haj, nikah.v-6--faraij ,hibat ,wasiah ,nazr , Iman ,kasamat wa al-mahribin wa al-kesas walidiat ,hudud.--v-7.kitab al- Imara ,syid al-zabaieh wama yukalu min al-haiwan ,azha ,al-ishrabatu.--v.8.kitab alalfaz min alaladb waghyrha ,al sh'ar , al ruya , fazail , kitab fazail al-sabat |
| Formatted contents note | (R)kitab al- jikir , Dua wa Al-tawba wa al-Istigfar , rifaq , tawba , sifat al Munafiqin wa ahkamuhum ,sifat al-qiama wa al-zanazah wa al-nar , al zannat wa sifat nimuha wa ahluha.-- |
| 650 #0 - SUBJECT ADDED ENTRY--TOPICAL TERM | |
| Topical term or geographic name as entry element | Hadith. |
| 9 (RLIN) | 244266 |
| Topical term or geographic name as entry element | Hadith. |
| Source of heading or term | fast |
| 9 (RLIN) | 244266 |
| 700 0# - ADDED ENTRY--PERSONAL NAME | |
| Personal name | Nawawī, |
| Dates associated with a name | 1233-1277. |
| 942 ## - ADDED ENTRY ELEMENTS (KOHA) | |
| Source of classification or shelving scheme | Dewey Decimal Classification |
| Koha item type | Books |
| Lost status | Source of classification or shelving scheme | Damaged status | Not for loan | Collection code | Permanent Location | Current Location | Shelving location | Date acquired | Source of acquisition | Cost, normal purchase price | Total Checkouts | Full call number | Date last seen | Copy number | Koha item type |
|---|---|---|---|---|---|---|---|---|---|---|---|---|---|---|---|
| Dewey Decimal Classification | Not For Loan | Non-fiction | Central Library, University of Rajshahi | Central Library, University of Rajshahi | Reading Room | 10/07/2006 | Paragon Enterprise Lit., Dhaka | 80.00 | A 297.12542 NAS V-1 2001 | 01/02/2021 | C-1 | Books | |||
| Dewey Decimal Classification | Not For Loan | Non-fiction | Central Library, University of Rajshahi | Central Library, University of Rajshahi | Reading Room | 10/07/2006 | Paragon Enterprise Lit., Dhaka | 80.00 | A 297.12542 NAS V-2 2001 | 01/02/2021 | C-1 | Books | |||
| Dewey Decimal Classification | Not For Loan | Non-fiction | Central Library, University of Rajshahi | Central Library, University of Rajshahi | Reading Room | 10/07/2006 | Paragon Enterprise Lit., Dhaka | 80.00 | A 297.12542 NAS V-3 2001 | 01/02/2021 | C-1 | Books | |||
| Dewey Decimal Classification | Not For Loan | Non-fiction | Central Library, University of Rajshahi | Central Library, University of Rajshahi | Reading Room | 10/07/2006 | Paragon Enterprise Lit., Dhaka | 80.00 | A 297.12542 NAS V-4 2001 | 01/02/2021 | C-1 | Books | |||
| Dewey Decimal Classification | Not For Loan | Non-fiction | Central Library, University of Rajshahi | Central Library, University of Rajshahi | Reading Room | 10/07/2006 | Paragon Enterprise Lit., Dhaka | 80.00 | A 297.12542 NAS V-5 2001 | 01/02/2021 | C-1 | Books | |||
| Dewey Decimal Classification | Not For Loan | Non-fiction | Central Library, University of Rajshahi | Central Library, University of Rajshahi | Reading Room | 10/07/2006 | Paragon Enterprise Lit., Dhaka | 80.00 | A 297.12542 NAS V-6 2001 | 01/02/2021 | C-1 | Books | |||
| Dewey Decimal Classification | Not For Loan | Non-fiction | Central Library, University of Rajshahi | Central Library, University of Rajshahi | Reading Room | 10/07/2006 | Paragon Enterprise Lit., Dhaka | 80.00 | A 297.12542 NAS V-7 2001 | 01/02/2021 | C-1 | Books | |||
| Dewey Decimal Classification | Not For Loan | Non-fiction | Central Library, University of Rajshahi | Central Library, University of Rajshahi | Reading Room | 10/07/2006 | Paragon Enterprise Lit., Dhaka | 80.00 | A 297.12542 NAS V-8 2001 | 01/02/2021 | C-1 | Books | |||
| Dewey Decimal Classification | Not For Loan | Non-fiction | Central Library, University of Rajshahi | Central Library, University of Rajshahi | Reading Room | 10/07/2006 | Paragon Enterprise Lit., Dhaka | 80.00 | A 297.12542 NAS V-9 2001 | 01/02/2021 | C-1 | Books | |||
| Dewey Decimal Classification | Non-fiction | Central Library, University of Rajshahi | Central Library, University of Rajshahi | General Stacks | 31/10/1964 | Maktabat I Ishaqia | 200.00 | A 297.12542 NAS V 5 2001 | 23/12/2021 | C-2 | Books | ||||
| Dewey Decimal Classification | Non-fiction | Central Library, University of Rajshahi | Central Library, University of Rajshahi | General Stacks | 31/10/1964 | Maktubat - i - Ishaqia, | A 297.12542 NAS V 9 2001 | 28/12/2021 | C-2 | Books | |||||
| Dewey Decimal Classification | Not For Loan | Non-fiction | Central Library, University of Rajshahi | Central Library, University of Rajshahi | Reading Room | 31/10/1964 | Maktubat - i - Ishaqia, | A 297.12542 NAS V-13 2001 | 28/12/2021 | C-1 | Books |